Fundamentals of soil behavior / (Record no. 546397)
[ view plain ]
| 000 -LEADER | |
|---|---|
| fixed length control field | 00683pam a2200193 a 4500 |
| 082 00 - DEWEY DECIMAL CLASSIFICATION NUMBER | |
| Classification number | 624.15136 |
| Author Mark | MIT |
| -- | L-39, P-162 |
| 100 1# - MAIN ENTRY--PERSONAL NAME | |
| Personal name | Mitchell, James Kenneth, |
| 9 (RLIN) | 42526 |
| 245 10 - TITLE STATEMENT | |
| Title | Fundamentals of soil behavior / |
| Statement of responsibility, etc. | James K. Mitchell. |
| 250 ## - EDITION STATEMENT | |
| Edition statement | 2nd ed. |
| 260 ## - PUBLICATION, DISTRIBUTION, ETC. | |
| Place of publication, distribution, etc. | New York : |
| Name of publisher, distributor, etc. | Wiley, |
| Date of publication, distribution, etc. | c1993. |
| 300 ## - PHYSICAL DESCRIPTION | |
| Extent | xiii, 437 p. : |
| Other physical details | ill. ; |
| Dimensions | 29 cm. |
| 526 ## - STUDY PROGRAM INFORMATION NOTE | |
| Program name | 0 |
| Interest level | 0 |
| Reading level | 0 |
| Title point value | 624_151360000000000_MIT |
| 650 #0 - SUBJECT ADDED ENTRY--TOPICAL TERM | |
| Topical term or geographic name entry element | MCE |
| 9 (RLIN) | 379 |
| 650 #0 - SUBJECT ADDED ENTRY--TOPICAL TERM | |
| Topical term or geographic name entry element | Soil mechanics. |
| 856 4# - ELECTRONIC LOCATION AND ACCESS | |
| Uniform Resource Identifier | <a href="http://www.loc.gov/catdir/toc/onix05/92021521.html">http://www.loc.gov/catdir/toc/onix05/92021521.html</a> |
| 856 42 - ELECTRONIC LOCATION AND ACCESS | |
| Uniform Resource Identifier | <a href="http://www.loc.gov/catdir/description/wiley034/92021521.html">http://www.loc.gov/catdir/description/wiley034/92021521.html</a> |
| 856 42 - ELECTRONIC LOCATION AND ACCESS | |
| Uniform Resource Identifier | <a href="http://www.loc.gov/catdir/enhancements/fy0607/92021521-b.html">http://www.loc.gov/catdir/enhancements/fy0607/92021521-b.html</a> |
| 942 ## - ADDED ENTRY ELEMENTS (KOHA) | |
| Source of classification or shelving scheme | |
| Koha item type | Book |
| Withdrawn status | Lost status | Source of classification or shelving scheme | Damaged status | Not for loan | Permanent Location | Current Location | Date acquired | Total Checkouts | Total Renewals | Full call number | Barcode | Date last seen | Date last checked out | Price effective from | Koha item type |
|---|---|---|---|---|---|---|---|---|---|---|---|---|---|---|---|
| Military College of Engineering (MCE) | Military College of Engineering (MCE) | 06/11/2014 | 1 | 1 | 624.15136 MIT | MCE-42794 | 07/11/2014 | 06/16/2014 | 06/11/2014 | Book |
